000 00809nam a2200265Ia 4500
003 OSt
005 20220918223348.0
006 a|||||r|||| 00| 0
007 ta
008 220917b |||||||| |||| 00| 0 eng d
024 _a222,122
037 _cTextual
040 _aARTS
_cARTS
_beng
041 _2eng
_aeng
082 _aV1:19(zP).N9, P3
100 _aHentz James J. Ed.
_930562
245 0 _aNew and critical security and regionalism
_b Beyond the nation state
260 _aEngland
_bAshgate UK
_c2003
300 _axiii, 216p
_ccm.
490 _aThe international political economy of new regionalisms
650 _aHISTORY
700 _a Boas Morten Ed.
_936359
942 _hV1:19(zP).N9, P3
_cTEXL
_2CC
999 _c278268
_d278268